[Event "1st Autumn"]
[Site "Alushta UKR"]
[Date "2004.09.05"]
[Round "13"]
[White "Obukhov,A"]
[Black "Annageldyev,O"]
[Result "1-0"]
[WhiteElo "2475"]
[BlackElo "2458"]
[EventDate "2004.08.28"]

1. Nf3 Nf6 2. c4 c5 3. Nc3 e6 4. g3 b6 5. Bg2 Bb7 6. O-O Be7 7. b3 O-O 8.
Bb2 d5 9. e3 dxc4 10. bxc4 Nc6 11. Ne1 Qd7 12. f4 Na5 13. Bxb7 Qxb7 14. d3
Rad8 15. Qe2 a6 16. Rb1 Rd7 17. Nf3 Nc6 18. Ne5 Rc7 19. Ba1 Nd7 20. Nf3 Bf6
21. g4 g6 22. g5 Bg7 23. Bb2 Ne7 24. Ne4 f5 25. gxf6 Nxf6 26. Nxf6+ Bxf6
27. Bxf6 Rxf6 28. Qb2 e5 29. Qxe5 Rcc6 30. Qe4 Qc8 31. Ne5 Rcd6 32. Qg2 h5
33. e4 Kh7 34. Kh1 Qe8 35. Ng4 hxg4 36. e5 Rxd3 37. exf6 Nf5 38. Rxb6 Kh6
39. Qxg4 Qe4+ 40. Qg2 Qxg2+ 41. Kxg2 Ne3+ 42. Kg1 Rd2 43. Rf3 1-0

[Event "1st Autumn"]
[Site "Alushta UKR"]
[Date "2004.09.06"]
[Round "14"]
[White "Kobylkin,E"]
[Black "Annageldyev,O"]
[Result "1/2-1/2"]
[WhiteElo "2444"]
[BlackElo "2458"]
[EventDate "2004.08.28"]

1. d4 d5 2. c4 e6 3. Nf3 Nf6 4. g3 dxc4 5. Bg2 Be7 6. O-O O-O 7. Qc2 a6 8.
a4 Nbd7 9. Nbd2 c5 10. Nxc4 cxd4 1/2-1/2

[Event "1st Autumn"]
[Site "Alushta UKR"]
[Date "2004.09.06"]
[Round "14"]
[White "Neelotpal,D"]
[Black "Obukhov,A"]
[Result "0-1"]
[WhiteElo "2448"]
[BlackElo "2475"]
[EventDate "2004.08.28"]

1. e4 e5 2. Nf3 Nc6 3. Bb5 a6 4. Ba4 Nf6 5. O-O Be7 6. Re1 b5 7. Bb3 d6 8.
c3 O-O 9. h3 Na5 10. Bc2 c5 11. d4 Qc7 12. Nbd2 cxd4 13. cxd4 Bd7 14. Nf1
Rac8 15. Ne3 Nc6 16. d5 Nb4 17. Bb1 a5 18. a3 Na6 19. b4 Ra8 20. Bd2 axb4
21. axb4 Qb7 22. Bd3 Nc7 23. g4 Rxa1 24. Qxa1 Ra8 25. Qb2 g6 26. Rc1 Ra6
27. Nf1 h5 28. g5 Nfe8 29. h4 Qa7 30. Be2 Na8 31. Be3 Nb6 32. Bd3 Bd8 33.
Qe2 Ra2 34. N3d2 Qa3 35. Rb1 Bg4 36. f3 Bxf3 37. Qxf3 Qxd3 38. Rd1 Qc3 39.
Rb1 Rb2 40. Re1 Rxb4 41. Re2 Qc8 42. Ng3 Nc4 43. Rf2 Qd7 44. Nxc4 Rxc4 45.
Kg2 b4 46. Qe2 Rc8 47. Qb2 Qa4 48. Qb1 b3 49. Ne2 Rc2 50. Nc1 Qxe4+ 0-1

[Event "1st Autumn"]
[Site "Alushta UKR"]
[Date "2004.09.06"]
[Round "14"]
[White "Kalygin,S"]
[Black "Vokarev,S"]
[Result "1/2-1/2"]
[WhiteElo "2440"]
[BlackElo "2529"]
[EventDate "2004.08.28"]

1. e4 c5 2. c3 d5 3. exd5 Qxd5 4. d4 Nf6 5. Nf3 Bg4 6. Nbd2 Nc6 7. Bc4 Bxf3
8. Qb3 Na5 9. Qa4+ Qd7 10. Qxa5 Bxg2 11. Rg1 Bc6 12. dxc5 1/2-1/2

[Event "1st Autumn"]
[Site "Alushta UKR"]
[Date "2004.09.06"]
[Round "14"]
[White "Tishin,D"]
[Black "Alexikov,A"]
[Result "1/2-1/2"]
[WhiteElo "2372"]
[BlackElo "2386"]
[EventDate "2004.08.28"]

1. d4 d5 2. c4 dxc4 3. Nf3 Nf6 4. e3 e6 5. Bxc4 c5 6. O-O a6 7. dxc5 Bxc5
8. Qxd8+ Kxd8 9. Rd1+ Ke7 10. a3 b5 11. Be2 Bb7 12. b4 Bb6 13. Bb2 Nbd7 14.
Nbd2 Rhc8 15. Rac1 Rxc1 16. Rxc1 Rc8 17. Rxc8 Bxc8 1/2-1/2

[Event "1st Autumn"]
[Site "Alushta UKR"]
[Date "2004.09.06"]
[Round "14"]
[White "Hasangatin,R"]
[Black "Kuzubov,Y"]
[Result "1/2-1/2"]
[WhiteElo "2485"]
[BlackElo "2467"]
[EventDate "2004.08.28"]

1. e4 c5 2. Nf3 Nc6 3. Bb5 g6 4. O-O Bg7 5. Re1 Nf6 6. Bxc6 dxc6 7. d3 O-O
8. h3 Ne8 9. c3 e5 10. b4 cxb4 11. cxb4 Nc7 12. Bb2 Qd6 13. Nbd2 Be6 14.
Nc4 Bxc4 15. dxc4 Qxb4 16. Bxe5 Rfd8 17. Qb1 Na6 18. Bxg7 Kxg7 19. Qc1 Qe7
20. Qc3+ Kg8 21. Re3 Nc5 22. Rae1 Ne6 23. h4 h5 24. Qe5 Rd7 25. Qg3 Nd4 26.
Ne5 Rd6 27. Rd3 c5 28. Kh2 Kg7 29. f4 Re8 30. Rd2 Ne6 31. Rd5 Nc7 32. Rdd1
Red8 33. Rxd6 Qxd6 34. Nf3 Ne6 35. f5 Qxg3+ 36. Kxg3 Nd4 37. fxg6 Nxf3 38.
gxf3 Kxg6 39. Kf4 Kf6 40. Rb1 b6 41. a4 Rd4 42. a5 bxa5 43. Rb5 Rxc4 44.
Rxa5 Rc1 45. Ra6+ Kg7 46. Rxa7 c4 47. Rc7 c3 48. Kf5 c2 49. f4 Kg8 50. Ke5
Kh8 51. Rc8+ Kg7 52. Kf5 Kh7 53. Rc3 Kh8 54. Ke5 Kg7 55. Rc7 Kg8 56. f5 Kg7
57. Rc8 f6+ 58. Ke6 Re1 59. Rc7+ Kg8 60. Rc8+ Kg7 61. Rc7+ Kg8 62. Rxc2
Rxe4+ 63. Kxf6 Rxh4 64. Rc8+ Kh7 65. Rc7+ Kg8 66. Rg7+ Kf8 67. Rd7 Kg8 68.
Rd8+ Kh7 69. Kf7 Ra4 70. f6 h4 71. Ke6 Ra6+ 72. Kf5 Ra5+ 1/2-1/2

[Event "1st Autumn"]
[Site "Alushta UKR"]
[Date "2004.09.06"]
[Round "14"]
[White "Khurtsidze,N"]
[Black "Paramonov,D"]
[Result "1/2-1/2"]
[WhiteElo "2391"]
[BlackElo "2362"]
[EventDate "2004.08.28"]

1. Nf3 Nf6 2. c4 e6 3. e3 d5 4. b3 Be7 5. Bb2 O-O 6. Be2 b6 7. O-O Bb7 8.
d4 Nbd7 9. Nc3 c5 10. Qc2 cxd4 11. exd4 Ne4 12. Nxe4 dxe4 13. Ne5 f5 14.
Nxd7 Qxd7 15. Rad1 Bd6 16. c5 Qc7 17. h3 bxc5 18. dxc5 Bxc5 19. Bc4 Rae8
20. Ba3 Rf7 21. Bxe6 Bxf2+ 22. Rxf2 Rxe6 23. Qxc7 Rxc7 24. Rd8+ Kf7 25.
Rxf5+ Kg6 26. Rc5 Rf7 27. Rc1 e3 28. Rf8 Rd7 29. Bb4 Rd4 30. Bc3 Rd3 31.
Be1 Ba6 32. Rf3 h5 33. b4 Bb5 34. h4 Bc6 35. Rf4 Ra3 36. Rc2 Be4 37. Rc4
Bf5 38. Rc5 Bg4 39. Rg5+ Kh6 40. Rf8 Kh7 41. Rf7 Rg6 42. Rxg6 Kxg6 43. Rf4
Rxa2 44. Re4 Ra3 45. Re5 Bf5 46. g3 a6 47. Ra5 Rb3 48. Rxa6+ Kh7 49. Ra1
Be4 50. Kf1 Bf3 51. Ra5 Rb2 52. Re5 Bg2+ 53. Kg1 Re2 54. Bc3 Bh3 55. Bd4
Rg2+ 56. Kh1 e2 57. Rxh5+ Kg8 58. Re5 Rxg3 59. Rxe2 Rg4 1/2-1/2

[Event "1st Autumn"]
[Site "Alushta UKR"]
[Date "2004.09.06"]
[Round "14"]
[White "Danielian,E"]
[Black "Paragua,M"]
[Result "0-1"]
[WhiteElo "2430"]
[BlackElo "2529"]
[EventDate "2004.08.28"]

1. d4 Nf6 2. Nf3 g6 3. g3 Bg7 4. Bg2 O-O 5. O-O d6 6. Nbd2 Nc6 7. e4 e5 8.
c3 exd4 9. cxd4 Bg4 10. Qc2 Re8 11. Re1 Nd7 12. d5 Nb4 13. Qc4 a5 14. h3
Nb6 15. Qe2 Bd7 16. Qd1 Nd3 17. Re3 Nxb2 18. Bxb2 Bxb2 19. Rb1 Bg7 20. Qc2
Ba4 21. Nb3 Nd7 22. Qc4 b5 23. Qe2 b4 24. Nfd4 Qc8 25. Rc1 Bxb3 26. Nxb3 a4
27. Nd2 b3 28. Nc4 Nc5 29. e5 Qa6 30. axb3 axb3 31. f4 Rab8 32. Rb1 Qa2 33.
Rb2 Qa1+ 34. Bf1 Rb4 35. Qe1 Qxe1 36. Rxe1 dxe5 37. fxe5 Na4 38. Rd2 b2 39.
Bd3 Nc5 0-1

[Event "1st Autumn"]
[Site "Alushta UKR"]
[Date "2004.09.07"]
[Round "15"]
[White "Paragua,M"]
[Black "Kobylkin,E"]
[Result "1-0"]
[WhiteElo "2529"]
[BlackElo "2444"]
[EventDate "2004.08.28"]

1. e4 e6 2. d3 d5 3. Qe2 Nf6 4. g3 Be7 5. Bg2 b5 6. Nf3 dxe4 7. dxe4 b4 8.
a3 Ba6 9. Qd2 Qc8 10. axb4 Nc6 11. e5 Nd5 12. c3 O-O 13. Bf1 Bb7 14. b5 Nb8
15. Bg2 Nd7 16. O-O Nc5 17. Nd4 Rd8 18. Qe2 a5 19. Na3 Na4 20. Nac2 Nab6
21. c4 Nb4 22. Bxb7 Qxb7 23. Nxb4 axb4 24. Rxa8 Rxa8 25. Nc6 Bc5 26. Rd1
Re8 27. b3 Qa8 28. Be3 Bxe3 29. Qxe3 Qa3 30. Kg2 Qb2 31. Qc5 h5 32. Qxb4 h4
33. Ne7+ Kh8 34. c5 1-0

[Event "1st Autumn"]
[Site "Alushta UKR"]
[Date "2004.09.07"]
[Round "15"]
[White "Paramonov,D"]
[Black "Danielian,E"]
[Result "1/2-1/2"]
[WhiteElo "2362"]
[BlackElo "2430"]
[EventDate "2004.08.28"]

1. e4 c6 2. d4 d5 3. Nc3 g6 4. Nf3 Bg7 5. Be2 Nh6 6. Bf4 f6 7. O-O Nf7 8.
Bg3 O-O 9. Re1 e6 10. Bd3 b6 11. exd5 exd5 12. Qe2 Nd7 13. h4 f5 14. h5 Nf6
15. hxg6 hxg6 16. Ne5 Nxe5 17. Bxe5 Bd7 18. Qf3 Ne4 19. Bxg7 Kxg7 20. Qf4
Qf6 21. Qe5 Rae8 22. Qxf6+ Kxf6 23. Ne2 g5 24. f3 Nd6 25. Kf2 Rh8 26. Rh1
f4 27. g3 fxg3+ 28. Nxg3 Nf5 29. Bxf5 Bxf5 30. c3 Bg6 31. Rxh8 Rxh8 32. Rh1
1/2-1/2

[Event "1st Autumn"]
[Site "Alushta UKR"]
[Date "2004.09.07"]
[Round "15"]
[White "Ovetchkin,R"]
[Black "Khurtsidze,N"]
[Result "1/2-1/2"]
[WhiteElo "2475"]
[BlackElo "2391"]
[EventDate "2004.08.28"]

1. e4 c5 2. Nf3 e6 3. d4 cxd4 4. Nxd4 a6 5. Bd3 Qb6 6. Nb3 Qc7 7. O-O Nf6
8. f4 d6 9. c4 Nbd7 10. Nc3 b6 11. Qe2 Be7 12. Bd2 Nc5 13. Nxc5 Qxc5+ 14.
Be3 Qc7 15. Bd4 O-O 16. e5 dxe5 17. fxe5 Nd7 18. Qe4 g6 19. Qxa8 Bb7 20.
Qa7 Ra8 21. Qxb7 Qxb7 22. Be4 Qc8 23. Bxa8 Qxa8 24. Rfe1 Qc6 25. Ne4 Qxc4
26. Bc3 Bb4 27. Nf6+ Nxf6 28. exf6 Bxc3 29. bxc3 Qxc3 30. Rf1 h6 31. Rac1
Qd4+ 32. Rf2 e5 33. Rc8+ Kh7 34. Rc7 Qa1+ 35. Rf1 Qxa2 36. h4 Qd5 37. g3 b5
38. Rfc1 e4 39. Kh2 e3 40. R1c5 Qa2+ 41. Rc2 Qe6 42. R2c6 Qd5 43. Rc5 Qd2+
44. Kh3 Qa2 45. Re5 e2 46. Rce7 Qa1 47. Rxf7+ Kg8 48. Rfe7 Qf1+ 49. Kh2
Qf2+ 50. Kh3 Qxf6 51. Rxe2 b4 52. Kh2 a5 53. R7e6 Qf5 54. R6e5 Qd3 55. Re8+
Kf7 56. R8e7+ Kf8 57. Re8+ Kf7 58. R8e7+ 1/2-1/2

[Event "1st Autumn"]
[Site "Alushta UKR"]
[Date "2004.09.07"]
[Round "15"]
[White "Alexikov,A"]
[Black "Hasangatin,R"]
[Result "1/2-1/2"]
[WhiteElo "2386"]
[BlackElo "2485"]
[EventDate "2004.08.28"]

1. e4 c5 2. Nf3 Nc6 3. d4 cxd4 4. Nxd4 Nf6 5. Nc3 e6 6. Ndb5 Bb4 7. a3
Bxc3+ 8. Nxc3 d5 9. exd5 exd5 10. Bd3 O-O 11. O-O d4 12. Ne2 1/2-1/2

[Event "1st Autumn"]
[Site "Alushta UKR"]
[Date "2004.09.07"]
[Round "15"]
[White "Vokarev,S"]
[Black "Tishin,D"]
[Result "1/2-1/2"]
[WhiteElo "2529"]
[BlackElo "2372"]
[EventDate "2004.08.28"]

1. d4 d5 2. c4 dxc4 3. Nf3 Nf6 4. e3 e6 5. Bxc4 a6 6. O-O c5 7. dxc5 Qxd1
8. Rxd1 Bxc5 9. a3 b5 10. Be2 Bb7 11. b4 Be7 12. Nbd2 Nbd7 1/2-1/2

[Event "1st Autumn"]
[Site "Alushta UKR"]
[Date "2004.09.07"]
[Round "15"]
[White "Annageldyev,O"]
[Black "Neelotpal,D"]
[Result "1/2-1/2"]
[WhiteElo "2458"]
[BlackElo "2448"]
[EventDate "2004.08.28"]

1. e4 c6 2. d4 d5 3. Nc3 dxe4 4. Nxe4 Bf5 5. Ng3 Bg6 6. h4 h6 7. Nf3 Nd7 8.
h5 Bh7 9. Bd3 Bxd3 10. Qxd3 Qc7 11. Bd2 Ngf6 12. O-O-O e6 1/2-1/2